Tentativa y delito frustrado: el proceso ejecutivo del delito
Bewaard in:
| Hoofdauteur: | |
|---|---|
| Formaat: | Boek |
| Taal: | Spaans |
| Gepubliceerd in: |
Santiago
Jurídica de Chile
1977
|
| Onderwerpen: | |
| Tags: |
Voeg label toe
Geen labels, Wees de eerste die dit record labelt!
|
MARC
| LEADER | 00000nam a2200000 a 4500 | ||
|---|---|---|---|
| 001 | UCS0245 | ||
| 003 | CL-VaPUC | ||
| 008 | 970418e19771000CL |||||||||||||||||spa|d | ||
| 082 | 0 | 4 | |a 345.001 |b CUR |2 21 |
| 100 | 0 | |a Cury Urzúa, Enrique |e author |9 383479 | |
| 245 | 1 | 0 | |a Tentativa y delito frustrado: el proceso ejecutivo del delito |
| 300 | |a 221 p | ||
| 942 | |c BK | ||
| 945 | |d 19970418 00:00:00 |a paguirre | ||
| 260 | |a Santiago |b Jurídica de Chile |c 1977 | ||
| 650 | 7 | |a TENTATIVA |2 CL-VaPUC |9 383364 | |
| 650 | 0 | |a Teoría del delito |9 258906 | |
| 650 | 7 | |a DELITO FRUSTRADO |2 CL-VaPUC |9 383480 | |
| 650 | 0 | |a Delitos |9 224143 | |
| 650 | 7 | |a CULPABILIDAD |2 CL-VaPUC |9 351694 | |
| 650 | 0 | |a Antijuridicidad |9 368501 | |
| 583 | |a last modification |c 19970418 00:00:00 |k Rodrigo Vera | ||
| 999 | |c 258484 |d 258482 | ||
| 952 | |0 0 |1 0 |4 0 |6 345_001000000000000_CUR_1977 |7 0 |8 A |9 282625 |a BIBDER |b BIBDER |d 2019-11-19 |i 1832611 |o 345.001 CUR 1977 |p 1832611 |r 2023-01-25 |w 2019-11-19 |y BK |k DER | ||
| 952 | |0 0 |1 0 |4 0 |6 345_001000000000000_CUR_1977 |7 0 |8 A |9 282626 |a BIBDER |b BIBDER |d 2019-11-19 |i 183262K |o 345.001 CUR 1977 |p 183262K |r 2023-01-25 |w 2019-11-19 |y BK |k DER | ||